Mixed motives and algebraic K-theory
Αποθηκεύτηκε σε:
| Κύριος συγγραφέας: | |
|---|---|
| Μορφή: | Βιβλίο |
| Γλώσσα: | English |
| Δημοσίευση: |
Berlin :
Springer-Verlag,
c1990
|
| Σειρά: | Lecture notes in mathematics (Springer-Verlag)
; 1400 |
| Θέματα: | |
| Ετικέτες: |
Προσθήκη ετικέτας
Δεν υπάρχουν, Καταχωρήστε ετικέτα πρώτοι!
|
MARC
| LEADER | 00000nam a2200000 i 4500 | ||
|---|---|---|---|
| 001 | 1/29285 | ||
| 008 | 941103s1990 eng d | ||
| 020 | |a 3-540-52260-3 | ||
| 035 | |a 1993 |l 10038283 | ||
| 040 | |a GR-MY-UA |b gre |e aacr | ||
| 041 | 0 | |a eng | |
| 082 | 0 | |a 514.23 | |
| 100 | 1 | |a Jannsen, Uwe. | |
| 245 | 1 | 0 | |a Mixed motives and algebraic K-theory / |c Uwe Jannsen |
| 260 | |a Berlin : |b Springer-Verlag, |c c1990 | ||
| 300 | |a xi, 246 p.; |c 25 cm. | ||
| 490 | 1 | |a Lecture notes in mathematics (Springer-Verlag) |v ; 1400 | |
| 500 | |a Includes bibliographical references and index | ||
| 650 | 0 | 0 | |a K-theory. |
| 650 | 0 | 0 | |a Hodge theory. |
| 650 | 0 | 0 | |a Geometry, Algebraic. |
| 830 | 0 | |a Lecture notes in mathematics (Springer-Verlag) |v ; 1400 | |
| 852 | |a INST |b SAMOS |e 19941103 |h 514.23 JAN |p 005300008228 |q 005300008228 |t BK |y 0 | ||
| 909 | |a Σ |b 029285 | ||